000
00190 a2200097 4500
001
47417
100
_a
Thomas W
245
_a
Anzio
260
_a
London
_b
Longman
_c
090
_c
30445
_d
30445
942
_a
NUST-CAE
_c
M
_c
22720
999
_c
282490
_d
282490